Ear-rings from Frankfurt

Uloženo v:
Podrobná bibliografie
Hlavní autor: Wright, Reg
Médium: Kniha
Jazyk:Undetermined
Vydáno: Oxford Oxford University Press 2000
Témata:
Tagy: Přidat tag
Žádné tagy, Buďte první, kdo otaguje tento záznam!
Thư viện lưu trữ: Trung tâm Học liệu Trường Đại học Cần Thơ
LEADER 00508nam a2200193Ia 4500
001 CTU_88418
008 210402s9999 xx 000 0 und d
020 |c 30000 
082 |a 823.9 
082 |b W952 
100 |a Wright, Reg 
245 0 |a Ear-rings from Frankfurt 
245 0 |c Reg Wright 
260 |a Oxford 
260 |b Oxford University Press 
260 |c 2000 
650 |a English literature,English fiction 
904 |i Giang,Hải 
980 |a Trung tâm Học liệu Trường Đại học Cần Thơ